Dictionnaire de la langue pedagogique

Αποθηκεύτηκε σε:
Λεπτομέρειες βιβλιογραφικής εγγραφής
Κύριος συγγραφέας: Foulquie, Paul, 1893-1983
Μορφή: Βιβλίο
Γλώσσα:French
Δημοσίευση: Paris : Presses Universitaires de France, 1971.
Θέματα:
Ετικέτες: Προσθήκη ετικέτας
Δεν υπάρχουν, Καταχωρήστε ετικέτα πρώτοι!

MARC

LEADER 00000cam a2200000 i 4500
001 1/80044
008 960606s1971 fr | ||| |||| ||fre||
035 |a 1988  |b 3  |c Αγορά/Καϊλα  |l 10033343 
040 |a GR-MY-UA  |b gre  |e aacr 
041 0 |a fre 
082 7 |a 370.341   |2 (22) 
100 1 |a Foulquie, Paul,   |d 1893-1983. 
245 1 0 |a Dictionnaire de la langue pedagogique /   |c Paul Foulquie. 
260 |a Paris :   |b Presses Universitaires de France,   |c 1971. 
300 |a 492 σ. ;   |c 25 εκ. 
650 0 0 |a Education  |x Dictionaries. 
650 0 0 |a Education  |x Terminology. 
852 |a INST  |b RHODES  |e 19960606  |h 370.341 FOU  |p 005400009214  |q 005400009214  |t REF  |y 23 
909 |a Ρ  |b 013018 
970 |z 06-06-1996